Economic history of Europe, 1760-1939, (Record no. 23442)

MARC details
000 -LEADER
campo de control de longitud fija 01026cam a22003011 4500
001 - NÚMERO DE CONTROL
campo de control 27955
005 - FECHA Y HORA DE LA ÚLTIMA TRANSACCIÓN
campo de control 20230410103647.0
008 - DATOS DE LONGITUD FIJA--INFORMACIÓN GENERAL
campo de control de longitud fija 720120s1942 enkab b 000 0 eng
035 ## - NÚMERO DE CONTROL DEL SISTEMA
-- (DLC) 42006326
035 ## - NÚMERO DE CONTROL DEL SISTEMA
Número de control de sistema 8790337
010 ## - NÚMERO DE CONTROL DE LA BIBLIOTECA DEL CONGRESO
Número de control de LC 42006326
035 ## - NÚMERO DE CONTROL DEL SISTEMA
Número de control de sistema (OCoLC)224861
040 ## - FUENTE DE CATALOGACIÓN
Centro catalogador/agencia de origen DLC
Centro/agencia transcriptor ODaWU
Centro/agencia modificador OCoLC
-- DLC
042 ## - CÓDIGO DE AUTENTICACIÓN
Código de autenticación premarc
050 14 - SIGNATURA TOPOGRÁFICA DE LA BIBLIOTECA DEL CONGRESO
Número de clasificación 300 HC 240
Número de ítem B674e 1942
082 00 - NÚMERO DE LA CLASIFICACIÓN DECIMAL DEWEY
Número de clasificación 330.94
100 1# - ENTRADA PRINCIPAL--NOMBRE DE PERSONA
Nombre de persona Bogart, Ernest Ludlow,
Fechas asociadas al nombre 1870-1958.
245 10 - MENCIÓN DEL TÍTULO
Título Economic history of Europe, 1760-1939,
Mención de responsabilidad, etc. by Ernest L. Bogart.
260 ## - PUBLICACIÓN, DISTRIBUCIÓN, ETC.
Lugar de publicación, distribución, etc. London,
-- New York [etc.]
Nombre del editor, distribuidor, etc. Longmans, Green and Co.,
Fecha de publicación, distribución, etc. 1942.
300 ## - DESCRIPCIÓN FÍSICA
Extensión xiii p., 1 l., 734 p. incl. illus. (maps) tables, diagrs.
Dimensiones 24 cm.
490 0# - MENCIÓN DE SERIE
Mención de serie [Longmans economics series]
500 ## - NOTA GENERAL
Nota general "Printed in the United States of America."
500 ## - NOTA GENERAL
Nota general "First edition."
504 ## - NOTA DE BIBLIOGRAFÍA, ETC.
Nota de bibliografía, etc. "General bibliography": p. xi-xiii. "Bibliographical note" at end of each chapter.
651 #0 - PUNTO DE ACCESO ADICIONAL DE MATERIA--NOMBRE GEOGRÁFICO
Nombre geográfico Europe
Subdivisión general Economic conditions.
942 ## - ELEMENTOS DE ENTRADA SECUNDARIOS (KOHA)
Fuente del sistema de clasificación o colocación Clasificación de Library of Congress
Tipo de ítem Koha
985 ## -
-- OCLC REPLACEMENT cdsdistr
Holdings
Estatus retirado Estado de pérdida Fuente del sistema de clasificación o colocación Estado de daño No para préstamo Colección Biblioteca de origen Biblioteca actual Ubicación en estantería Fecha de adquisición Serial enumeration / chronology Signatura topográfica completa Código de barras Visto por última vez Copia número Tipo de ítem Koha
    Clasificación de Library of Congress     Recursos Regionales Biblioteca Juan Bosch Biblioteca Juan Bosch Recursos Regionales (2do. Piso) 10/04/2023 1 300 HC 240 B674e 1942 00000029099 23/10/2018 1